000 00473nam a2200181Ia 4500
001 18179
005 20260306171611.0
008 260306s9999||||xx |||||||||||||| ||und||
041 _aESP
082 _a658.4012
_bS747
100 _aSisodia, Raj
_eAUT
245 0 _aFirms of endearment:
_bhow world-class companies profit from passion and purpose
260 _c2014
300 _a281 páginas :
_c24 cm.
650 _aGEN
654 _aCAN
942 _cLIB
_dJUS
_fJUS
_2ddc
_n
999 _c18179
_d18179